Tennis masculin - Vainqueurs ATP Masters 1000 & Masters (depuis 2009) - Statistiques

Statistiques générales
  • Ce quiz a été pris 10 180 fois
    1 282 depuis la dernière actualisation
  • Le résultat moyen est 23 sur 37
Statistiques - réponses
Nombre de titres Joueurs % Correct
08 Carlos Alcaraz
99%
12 Jannik Sinner
99%
42 Novak Djokovic
99%
24 Rafael Nadal
99%
16 Roger Federer
99%
09 Alexander Zverev
93%
07 Daniil Medvedev
92%
13 Andy Murray
91%
01 Stanislas Wawrinka
85%
04 Stéfanos Tsitsipás
82%
01 Casper Ruud
80%
01 Jo-Wilfried Tsonga
80%
01 Dominic Thiem
73%
01 Valentin Vacherot
73%
01 Holger Rune
72%
02 Andrey Rublev
68%
01 Juan Martín del Potro
68%
01 Ben Shelton
67%
01 David Ferrer
65%
01 Marin Čilić
65%
01 Jack Draper
63%
01 Taylor Fritz
63%
01 Jakub Menšík
59%
02 Grigor Dimitrov
53%
01 Andy Roddick
41%
01 John Isner
41%
01 Karen Khachanov
40%
01 Cameron Norrie
38%
01 Alexei Popyrin
37%
01 Fabio Fognini
37%
01 Jack Sock
33%
02 Hubert Hurkacz
32%
01 Robin Söderling
32%
02 Nikolay Davydenko
29%
01 Borna Ćorić
28%
01 Pablo Carreño Busta
26%
01 Ivan Ljubičić
13%
Aucun quiz correspondant
Distribution des résultats
% des personnes avec chaque résultat
Percentile par nombre de réponses
Votre historique - résultats
Vous n’avez pas pris ce quiz depuis la dernière actualisation